000 00481nam a2200181Ia 4500
001 1385
005 20260306143724.0
008 260306t2003||||xx |||||||||||||| ||spa||
041 _aESP
082 _a199.8
_bD67
100 _aDevés Valdés, Eduardo
_eAUT
245 0 _aEl pensamiento latinoamericano en el siglo XX:
_bdesde CEPAL al neoliberalismo (1950-1990)
260 _c2003
300 _apágs. :
_c23 cm.
650 _aGEN
654 _aCHU
942 _cLIB
_dJUS
_fJUS
_2ddc
_n
999 _c1385
_d1385